Catálogo

MATHEMATICAL ELEMENTS FOR COMPUTER GRAPHICS (Registro nro. 47203)

Detalles MARC
000 -LEADER
fixed length control field 00553nam a2200193 a 4500
001 - CONTROL NUMBER
control field 47203
005 - DATE AND TIME OF LATEST TRANSACTION
control field 20180714031052.0
008 - FIXED-LENGTH DATA ELEMENTS--GENERAL INFORMATION
fixed length control field 140415s1990 xxu 000 0 eng d
020 ## - INTERNATIONAL STANDARD BOOK NUMBER
International Standard Book Number 0070535299
041 ## - LANGUAGE CODE
Language code of text/sound track or separate title eng
082 ## - DEWEY DECIMAL CLASSIFICATION NUMBER
Classification number 006.6
Item number ROG
100 1# - MAIN ENTRY--PERSONAL NAME
Personal name ROGERS, DAVID F.
245 10 - TITLE STATEMENT
Title MATHEMATICAL ELEMENTS FOR COMPUTER GRAPHICS
250 ## - EDITION STATEMENT
Edition statement 2a ed.
260 ## - PUBLICATION, DISTRIBUTION, ETC.
Place of publication, distribution, etc. ESTADOS UNIDOS DE AMERICA :
Name of publisher, distributor, etc. MC GRAW HILL INC.,
Date of publication, distribution, etc. 1990
300 ## - PHYSICAL DESCRIPTION
Extent 312
Dimensions 23.51 x 3.2 x 16
650 14 - SUBJECT ADDED ENTRY--TOPICAL TERM
Topical term or geographic name entry element GRAFICOS POR COMPUTADOR
700 1# - ADDED ENTRY--PERSONAL NAME
Personal name ADAMS, J. ALAN
Relator term coaut.
Existencias
Withdrawn status Lost status Source of classification or shelving scheme Damaged status Not for loan Collection code Home library Current library Shelving location Date acquired Source of acquisition Inventory number Total Checkouts Full call number Barcode Date last seen Price effective from Koha item type
    Dewey Decimal Classification     General Biblioteca Karol Wojtyla Biblioteca Karol Wojtyla Sala general 03/12/2013 Compra 151000000000000000059529   '006.6 ROG 70694 05/01/2026 03/12/2013 Libro